[Event "European Club Cup"]
[Site "chess24.com"]
[Date "2018.10.15"]
[Round "4"]
[White "Richter, Christian"]
[Black "Christenson, Flemming"]
[Result "1/2-1/2"]
[Board "6"]
[WhiteElo "2356"]
[WhiteTitle "IM"]
[WhiteCountry "GER"]
[WhiteFideId "4638654"]
[WhiteEloChange "-4"]
[BlackElo "2202"]
[BlackTitle "FM"]
[BlackCountry "NOR"]
[BlackFideId "1501925"]
[BlackEloChange "4"]

1. d4 {[%clk 1:30:57]} e6 {[%clk 1:30:53]} 2. Nf3 {[%clk 1:30:58]} f5 {[%clk
1:30:16]} 3. c4 {[%clk 1:30:53]} Nf6 {[%clk 1:30:27]} 4. g3 {[%clk 1:30:00]} d5
{[%clk 1:30:39]} 5. Bg2 {[%clk 1:30:20]} Bd6 {[%clk 1:31:02]} 6. O-O {[%clk
1:29:52]} O-O {[%clk 1:31:24]} 7. b3 {[%clk 1:28:58]} b6 {[%clk 1:30:48]} 8. cxd5
{[%clk 1:25:50]} exd5 {[%clk 1:26:11]} 9. Ba3 {[%clk 1:24:32]} Qe7 {[%clk
1:11:43]} 10. Bxd6 {[%clk 1:22:28]} cxd6 {[%clk 1:12:11]} 11. Nc3 {[%clk
1:20:01]} Bb7 {[%clk 1:10:51]} 12. Rc1 {[%clk 0:57:58]} Ne4 {[%clk 1:07:19]} 13.
Ne1 {[%clk 0:50:32]} Nd7 {[%clk 1:01:14]} 14. Nd3 {[%clk 0:44:01]} Rac8 {[%clk
0:57:21]} 15. Nb1 {[%clk 0:42:14]} g5 {[%clk 0:49:16]} 16. f3 {[%clk 0:37:19]}
Nef6 {[%clk 0:48:54]} 17. Qd2 {[%clk 0:37:07]} h6 {[%clk 0:47:26]} 18. Rxc8
{[%clk 0:33:25]} Rxc8 {[%clk 0:47:42]} 19. Bh3 {[%clk 0:32:47]} Qe6 {[%clk
0:42:55]} 20. Re1 {[%clk 0:30:14]} Nf8 {[%clk 0:36:34]} 21. Rc1 {[%clk 0:22:56]}
Ng6 {[%clk 0:35:12]} 22. Rxc8+ {[%clk 0:22:23]} Qxc8 {[%clk 0:34:53]} 23. Nc3
{[%clk 0:21:23]} Bc6 {[%clk 0:26:52]} 24. Nb4 {[%clk 0:19:09]} Ne7 {[%clk
0:26:49]} 25. Nxc6 {[%clk 0:17:00]} Qxc6 {[%clk 0:27:15]} 26. Qd3 {[%clk
0:16:53]} Kg7 {[%clk 0:26:10]} 27. Kf2 {[%clk 0:17:18]} h5 {[%clk 0:20:43]} 28.
Ke1 {[%clk 0:14:22]} Kf7 {[%clk 0:15:31]} 29. Kd2 {[%clk 0:13:23]} Qc8 {[%clk
0:12:41]} 30. Nd1 {[%clk 0:12:29]} g4 {[%clk 0:12:14]} 31. Bf1 {[%clk 0:12:34]}
Qh8 {[%clk 0:11:44]} 32. Qe3 {[%clk 0:10:24]} h4 {[%clk 0:10:18]} 33. Qf4 {[%clk
0:07:29]} hxg3 {[%clk 0:09:43]} 34. hxg3 {[%clk 0:07:44]} Nh5 {[%clk 0:09:35]}
35. Qxd6 {[%clk 0:06:42]} Qxd4+ {[%clk 0:09:58]} 36. Kc2 {[%clk 0:03:36]} Qg1
{[%clk 0:09:46]} 37. fxg4 {[%clk 0:04:05]} Nxg3 {[%clk 0:06:16]} 38. gxf5 {[%clk
0:04:09]} Nxf1 {[%clk 0:04:47]} 39. Qe6+ {[%clk 0:04:26]} Kf8 {[%clk 0:04:55]}
40. f6 {[%clk 0:34:43]} Qg6+ {[%clk 0:34:24]} 41. Kb2 {[%clk 0:29:23]} Nf5 {[%clk
0:27:56]} 42. Ka3 {[%clk 0:23:41]} d4 {[%clk 0:25:50]} 43. Nf2 {[%clk 0:23:23]}
N1e3 {[%clk 0:25:16]} 44. Qc8+ {[%clk 0:19:12]} Qe8 {[%clk 0:23:37]} 45. Qb7
{[%clk 0:19:55]} Qb5 {[%clk 0:17:29]} 46. Ne4 {[%clk 0:18:20]} Qd5 {[%clk
0:15:46]} 47. Qb8+ {[%clk 0:14:00]} Kf7 {[%clk 0:15:58]} 48. Qc7+ {[%clk
0:13:35]} Kg6 {[%clk 0:15:40]} 49. Qf4 {[%clk 0:14:02]} Kf7 {[%clk 0:12:05]} 50.
Qc7+ {[%clk 0:14:18]} Ke6 {[%clk 0:10:56]} 51. f7 {[%clk 0:12:53]} Qa5+ {[%clk
0:09:26]} 52. Kb2 {[%clk 0:13:19]} Nd1+ {[%clk 0:09:44]} 53. Kc1 {[%clk 0:09:52]}
Qa3+ {[%clk 0:04:46]} 54. Kxd1 {[%clk 0:10:19]} Ne3+ {[%clk 0:05:09]} 55. Ke1
{[%clk 0:07:40]} Qa5+ {[%clk 0:04:32]} 56. Nd2 {[%clk 0:05:51]} Qf5 {[%clk
0:04:04]} 57. f8N+ {[%clk 0:02:24]} Qxf8 {[%clk 0:04:09]} 58. Nf3 {[%clk
0:02:40]} Qc5 {[%clk 0:03:53]} 59. Qxc5 {[%clk 0:01:05]} bxc5 {[%clk 0:04:19]}
60. Kd2 {[%clk 0:01:23]} Kd5 {[%clk 0:04:13]} 61. Kd3 {[%clk 0:00:46]} Ng2 {[%clk
0:04:02]} 1/2-1/2

[Event "European Club Cup"]
[Site "chess24.com"]
[Date "2018.10.15"]
[Round "4"]
[White "Brunner, Lucas"]
[Black "Parkhov, Yair"]
[Result "1/2-1/2"]
[Board "3"]
[WhiteElo "2457"]
[WhiteTitle "GM"]
[WhiteCountry "SUI"]
[WhiteFideId "1300024"]
[WhiteEloChange "-2"]
[BlackElo "2331"]
[BlackTitle "FM"]
[BlackCountry "ISR"]
[BlackFideId "2813408"]
[BlackEloChange "3"]

1. e4 {[%clk 1:30:56]} c5 {[%clk 1:30:55]} 2. Nf3 {[%clk 1:30:58]} d6 {[%clk
1:31:18]} 3. Bb5+ {[%clk 1:30:45]} Nd7 {[%clk 1:31:35]} 4. c3 {[%clk 1:30:20]}
Nf6 {[%clk 1:29:04]} 5. Qe2 {[%clk 1:29:56]} a6 {[%clk 1:26:41]} 6. Ba4 {[%clk
1:29:35]} b5 {[%clk 1:24:10]} 7. Bc2 {[%clk 1:29:51]} e5 {[%clk 1:22:04]} 8. O-O
{[%clk 1:28:19]} Be7 {[%clk 1:19:58]} 9. d4 {[%clk 1:20:37]} O-O {[%clk 1:09:15]}
10. a4 {[%clk 1:15:55]} Bb7 {[%clk 0:54:14]} 11. d5 {[%clk 1:16:14]} c4 {[%clk
0:52:15]} 12. axb5 {[%clk 1:03:05]} axb5 {[%clk 0:52:36]} 13. Rxa8 {[%clk
1:03:29]} Qxa8 {[%clk 0:50:51]} 14. Na3 {[%clk 1:03:47]} Ba6 {[%clk 0:48:25]} 15.
Bg5 {[%clk 0:58:11]} Qb7 {[%clk 0:40:49]} 16. Rb1 {[%clk 0:53:23]} Nc5 {[%clk
0:24:38]} 17. Qe1 {[%clk 0:43:20]} Rb8 {[%clk 0:22:22]} 18. Bd2 {[%clk 0:40:06]}
Bd8 {[%clk 0:21:38]} 19. Ng5 {[%clk 0:34:44]} Ba5 {[%clk 0:17:55]} 20. Nh3 {[%clk
0:33:11]} b4 {[%clk 0:16:50]} 21. cxb4 {[%clk 0:32:41]} Bxb4 {[%clk 0:17:11]} 22.
f3 {[%clk 0:27:16]} Nd3 {[%clk 0:14:36]} 23. Bxd3 {[%clk 0:27:29]} cxd3 {[%clk
0:14:59]} 24. Bxb4 {[%clk 0:26:36]} Qxb4 {[%clk 0:15:18]} 25. Qxb4 {[%clk
0:25:05]} Rxb4 {[%clk 0:15:32]} 26. Kf2 {[%clk 0:24:20]} Nd7 {[%clk 0:15:49]} 27.
Ke3 {[%clk 0:21:04]} Nc5 {[%clk 0:14:56]} 28. Nf2 {[%clk 0:20:41]} g6 {[%clk
0:11:13]} 29. g4 {[%clk 0:18:35]} Na4 {[%clk 0:09:16]} 30. b3 {[%clk 0:17:26]}
Nc5 {[%clk 0:07:44]} 31. Rb2 {[%clk 0:15:37]} Kg7 {[%clk 0:04:59]} 32. Nb1 {[%clk
0:15:10]} Nxb3 {[%clk 0:03:53]} 33. Nxd3 {[%clk 0:10:32]} Bxd3 {[%clk 0:04:16]}
34. Nd2 {[%clk 0:09:54]} Bc2 {[%clk 0:02:59]} 35. Rxc2 {[%clk 0:10:06]} Nxd2
{[%clk 0:03:17]} 36. Kxd2 {[%clk 0:08:42]} Kf6 {[%clk 0:03:01]} 1/2-1/2

[Event "European Club Cup"]
[Site "chess24.com"]
[Date "2018.10.15"]
[Round "4"]
[White "Vanstreels, Luc"]
[Black "Marinskii, Yurii"]
[Result "1-0"]
[Board "6"]
[WhiteElo "2123"]
[WhiteCountry "BEL"]
[WhiteFideId "205737"]
[WhiteEloChange "11"]
[BlackElo "2166"]
[BlackCountry "RUS"]
[BlackFideId "34215425"]
[BlackEloChange "-11"]

1. d4 {[%clk 1:30:58]} d5 {[%clk 1:30:55]} 2. Bf4 {[%clk 1:31:22]} Nf6 {[%clk
1:31:20]} 3. e3 {[%clk 1:31:48]} c6 {[%clk 1:31:31]} 4. c4 {[%clk 1:31:42]} Qb6
{[%clk 1:29:41]} 5. Qb3 {[%clk 1:29:49]} Bf5 {[%clk 1:24:48]} 6. Nc3 {[%clk
1:25:44]} dxc4 {[%clk 1:09:22]} 7. Bxc4 {[%clk 1:24:04]} e6 {[%clk 1:02:09]} 8.
Nge2 {[%clk 1:11:08]} Nbd7 {[%clk 0:57:33]} 9. f3 {[%clk 1:00:04]} Qxb3 {[%clk
0:53:00]} 10. Bxb3 {[%clk 0:59:58]} Bd3 {[%clk 0:49:16]} 11. Rd1 {[%clk 0:49:21]}
Ba6 {[%clk 0:46:38]} 12. e4 {[%clk 0:49:04]} Nb6 {[%clk 0:44:36]} 13. Kf2 {[%clk
0:40:00]} Be7 {[%clk 0:41:40]} 14. g4 {[%clk 0:35:11]} O-O {[%clk 0:36:40]} 15.
h4 {[%clk 0:34:23]} Nc4 {[%clk 0:29:18]} 16. Bc1 {[%clk 0:28:58]} c5 {[%clk
0:23:56]} 17. g5 {[%clk 0:24:13]} Nh5 {[%clk 0:23:29]} 18. Bxc4 {[%clk 0:17:23]}
Bxc4 {[%clk 0:23:41]} 19. d5 {[%clk 0:16:55]} Rad8 {[%clk 0:23:07]} 20. Nf4
{[%clk 0:14:37]} Nxf4 {[%clk 0:21:26]} 21. Bxf4 {[%clk 0:15:00]} exd5 {[%clk
0:20:31]} 22. exd5 {[%clk 0:15:09]} Rd7 {[%clk 0:15:30]} 23. b3 {[%clk 0:15:24]}
Ba6 {[%clk 0:15:38]} 24. d6 {[%clk 0:14:56]} Bd8 {[%clk 0:15:41]} 25. Nd5 {[%clk
0:11:53]} b6 {[%clk 0:12:24]} 26. Rhe1 {[%clk 0:12:04]} f6 {[%clk 0:08:06]} 27.
Re7 {[%clk 0:08:31]} Bb5 {[%clk 0:03:58]} 28. gxf6 {[%clk 0:05:57]} g6 {[%clk
0:02:09]} 29. Bh6 {[%clk 0:04:26]} Rxd6 {[%clk 0:01:40]} 30. Bxf8 {[%clk
0:01:37]} Kxf8 {[%clk 0:02:09]} 31. Rxh7 {[%clk 0:01:33]} Bxf6 {[%clk 0:01:40]}
32. Nc3 {[%clk 0:01:11]} Bd4+ {[%clk 0:01:43]} 33. Rxd4 {[%clk 0:01:04]} Rxd4
{[%clk 0:01:23]} 34. Nxb5 {[%clk 0:01:29]} Rd2+ {[%clk 0:01:48]} 35. Ke3 {[%clk
0:01:38]} Rxa2 {[%clk 0:02:10]} 36. Rxa7 {[%clk 0:01:34]} Rb2 {[%clk 0:02:36]}
37. Ra3 {[%clk 0:01:43]} Rh2 {[%clk 0:02:21]} 38. Kf4 {[%clk 0:01:19]} Kg7 {[%clk
0:01:30]} 39. Ra7+ {[%clk 0:01:21]} Kf6 {[%clk 0:01:01]} 40. Kg3 {[%clk 0:30:38]}
Rb2 {[%clk 0:31:20]} 41. Rb7 {[%clk 0:22:17]} Rxb3 {[%clk 0:29:26]} 42. Rxb6+
{[%clk 0:22:00]} Kg7 {[%clk 0:27:43]} 43. Rb7+ {[%clk 0:21:11]} Kh6 {[%clk
0:27:29]} 44. Nd6 {[%clk 0:21:05]} c4 {[%clk 0:10:35]} 45. Rc7 {[%clk 0:18:38]}
g5 {[%clk 0:05:10]} 46. Nf7+ {[%clk 0:18:17]} Kg6 {[%clk 0:05:13]} 47. hxg5
{[%clk 0:16:15]} c3 {[%clk 0:01:29]} 48. Kg4 {[%clk 0:15:24]} Kg7 {[%clk
0:01:05]} 49. Nd6+ {[%clk 0:14:52]} Kg8 {[%clk 0:00:52]} 50. Ne4 {[%clk 0:14:59]}
c2 {[%clk 0:00:57]} 51. Rxc2 {[%clk 0:15:06]} Kf7 {[%clk 0:01:10]} 52. Rc7+
{[%clk 0:15:13]} Kf8 {[%clk 0:00:56]} 53. g6 {[%clk 0:14:40]} Rb4 {[%clk
0:00:50]} 54. Kg5 {[%clk 0:14:25]} Rb5+ {[%clk 0:01:10]} 55. Kh6 {[%clk 0:14:31]}
Rb6 {[%clk 0:01:20]} 56. Kh7 {[%clk 0:13:22]} Rf6 {[%clk 0:00:51]} 57. g7+ {[%clk
0:13:30]} Ke8 {[%clk 0:01:15]} 58. Nxf6+ {[%clk 0:13:46]} Kd8 {[%clk 0:01:39]}
59. Rd7+ {[%clk 0:14:08]} Kc8 {[%clk 0:02:05]} 60. g8R# {[%clk 0:14:32]} 1-0

[Event "European Club Cup"]
[Site "chess24.com"]
[Date "2018.10.15"]
[Round "4"]
[White "Kaczmarczyk, Dennis"]
[Black "Van der Heijden, Ton"]
[Result "1/2-1/2"]
[Board "4"]
[WhiteElo "2442"]
[WhiteTitle "IM"]
[WhiteCountry "GER"]
[WhiteFideId "24608297"]
[WhiteEloChange "-2"]
[BlackElo "2300"]
[BlackCountry "NED"]
[BlackFideId "1006045"]
[BlackEloChange "4"]

1. d4 {[%clk 1:30:58]} Nf6 {[%clk 1:30:52]} 2. c4 {[%clk 1:31:17]} c5 {[%clk
1:31:07]} 3. d5 {[%clk 1:31:29]} b5 {[%clk 1:31:13]} 4. cxb5 {[%clk 1:31:38]} a6
{[%clk 1:31:27]} 5. e3 {[%clk 1:30:59]} g6 {[%clk 1:24:41]} 6. Nc3 {[%clk
1:30:58]} Bg7 {[%clk 1:24:57]} 7. Nf3 {[%clk 1:29:31]} O-O {[%clk 1:23:44]} 8. a4
{[%clk 1:28:45]} e6 {[%clk 1:17:45]} 9. dxe6 {[%clk 1:25:03]} fxe6 {[%clk
1:16:49]} 10. Be2 {[%clk 1:25:12]} axb5 {[%clk 1:13:33]} 11. Bxb5 {[%clk
1:25:29]} d5 {[%clk 1:10:54]} 12. O-O {[%clk 1:19:05]} Bb7 {[%clk 1:09:33]} 13.
Re1 {[%clk 1:13:49]} Nc6 {[%clk 0:50:33]} 14. h3 {[%clk 0:55:57]} Qe7 {[%clk
0:45:29]} 15. Bd2 {[%clk 0:47:45]} Rad8 {[%clk 0:30:21]} 16. Bf1 {[%clk 0:25:47]}
Kh8 {[%clk 0:26:30]} 17. Ra3 {[%clk 0:22:00]} e5 {[%clk 0:26:35]} 18. a5 {[%clk
0:19:39]} e4 {[%clk 0:26:07]} 19. Nh2 {[%clk 0:19:59]} Ne5 {[%clk 0:21:53]} 20.
Na4 {[%clk 0:15:48]} Nh5 {[%clk 0:18:33]} 21. Be2 {[%clk 0:15:17]} d4 {[%clk
0:17:07]} 22. Qc1 {[%clk 0:11:21]} Qh4 {[%clk 0:09:47]} 23. Rf1 {[%clk 0:08:12]}
Nf3+ {[%clk 0:06:56]} 24. Bxf3 {[%clk 0:04:31]} exf3 {[%clk 0:07:24]} 25. Nxc5
{[%clk 0:02:46]} fxg2 {[%clk 0:03:09]} 26. Nxb7 {[%clk 0:03:12]} gxf1Q+ {[%clk
0:02:46]} 27. Qxf1 {[%clk 0:03:39]} Rd7 {[%clk 0:02:40]} 28. a6 {[%clk 0:02:39]}
Ng3 {[%clk 0:02:23]} 29. fxg3 {[%clk 0:03:00]} Rxf1+ {[%clk 0:02:31]} 30. Nxf1
{[%clk 0:03:28]} Qf6 {[%clk 0:02:06]} 31. a7 {[%clk 0:03:22]} Rf7 {[%clk
0:02:29]} 32. a8Q+ {[%clk 0:03:03]} Bf8 {[%clk 0:02:24]} 33. Ra1 {[%clk 0:00:39]}
Qf2+ {[%clk 0:02:30]} 34. Kh1 {[%clk 0:01:08]} Qf3+ {[%clk 0:02:30]} 35. Kg1
{[%clk 0:01:32]} Qf2+ {[%clk 0:02:27]} 36. Kh1 {[%clk 0:01:28]} Qf3+ {[%clk
0:02:44]} 37. Kg1 {[%clk 0:02:22]} Qf2+ {[%clk 0:03:08]} 1/2-1/2

[Event "European Club Cup"]
[Site "chess24.com"]
[Date "2018.10.15"]
[Round "4"]
[White "Pein, Malcolm"]
[Black "Berg, Michael"]
[Result "1/2-1/2"]
[Board "4"]
[WhiteElo "2327"]
[WhiteTitle "IM"]
[WhiteCountry "ENG"]
[WhiteFideId "400289"]
[BlackElo "2331"]
[BlackTitle "FM"]
[BlackCountry "GER"]
[BlackFideId "4605330"]

1. d4 {[%clk 1:30:55]} Nf6 {[%clk 1:30:19]} 2. Nf3 {[%clk 1:31:14]} g6 {[%clk
1:30:31]} 3. c4 {[%clk 1:29:53]} Bg7 {[%clk 1:30:54]} 4. Nc3 {[%clk 1:28:25]} O-O
{[%clk 1:30:59]} 5. g3 {[%clk 1:27:41]} d5 {[%clk 1:30:36]} 6. cxd5 {[%clk
1:27:35]} Nxd5 {[%clk 1:30:59]} 7. Bg2 {[%clk 1:28:01]} Nc6 {[%clk 1:30:44]} 8.
O-O {[%clk 1:27:35]} Nb6 {[%clk 1:30:59]} 9. e3 {[%clk 1:27:19]} e5 {[%clk
1:30:43]} 10. d5 {[%clk 1:27:01]} Na5 {[%clk 1:30:38]} 11. e4 {[%clk 1:26:14]} c6
{[%clk 1:30:43]} 12. Bg5 {[%clk 1:20:50]} f6 {[%clk 1:29:54]} 13. Be3 {[%clk
1:21:14]} cxd5 {[%clk 1:29:06]} 14. Bxb6 {[%clk 1:20:43]} Qxb6 {[%clk 1:24:49]}
15. Nxd5 {[%clk 1:20:10]} Qd8 {[%clk 1:22:40]} 16. Rc1 {[%clk 1:11:37]} Nc6
{[%clk 1:11:10]} 17. Qb3 {[%clk 1:07:01]} Rf7 {[%clk 1:09:51]} 18. Rfd1 {[%clk
0:58:47]} Be6 {[%clk 1:05:50]} 19. Qa4 {[%clk 0:48:17]} Rd7 {[%clk 0:50:35]} 20.
h4 {[%clk 0:46:31]} Rb8 {[%clk 0:40:44]} 21. Kh2 {[%clk 0:41:12]} Bh6 {[%clk
0:26:27]} 22. Rc3 {[%clk 0:39:58]} Kh8 {[%clk 0:24:31]} 23. Rcd3 {[%clk 0:32:39]}
b5 {[%clk 0:20:11]} 24. Qa6 {[%clk 0:25:22]} Rd6 {[%clk 0:19:08]} 25. Nc7 {[%clk
0:10:44]} Nd4 {[%clk 0:13:19]} 26. Nxd4 {[%clk 0:06:58]} exd4 {[%clk 0:05:38]}
27. Rxd4 {[%clk 0:04:06]} Rxd4 {[%clk 0:05:25]} 28. Nxe6 {[%clk 0:04:28]} Rxd1
{[%clk 0:05:08]} 29. Nxd8 {[%clk 0:04:53]} Rbxd8 {[%clk 0:05:22]} 30. h5 {[%clk
0:03:39]} gxh5 {[%clk 0:04:00]} 31. e5 {[%clk 0:03:34]} h4 {[%clk 0:03:51]} 32.
exf6 {[%clk 0:03:08]} hxg3+ {[%clk 0:04:11]} 33. fxg3 {[%clk 0:03:35]} R1d6
{[%clk 0:03:44]} 34. Qxa7 {[%clk 0:02:32]} Rxf6 {[%clk 0:04:10]} 35. Qa5 {[%clk
0:02:26]} Rd2 {[%clk 0:03:59]} 36. Qc3 {[%clk 0:01:23]} Rf2 {[%clk 0:02:52]} 37.
Kh3 {[%clk 0:01:40]} Bg7 {[%clk 0:03:05]} 38. Qc8+ {[%clk 0:01:04]} Rf8 {[%clk
0:03:34]} 39. Qb7 {[%clk 0:01:09]} Rxb2 {[%clk 0:04:01]} 40. Bd5 {[%clk 0:31:03]}
b4 {[%clk 0:32:23]} 41. Bb3 {[%clk 0:28:11]} Bc3 {[%clk 0:29:09]} 42. Qe4 {[%clk
0:20:41]} Rff2 {[%clk 0:22:52]} 43. Qe6 {[%clk 0:14:13]} Kg7 {[%clk 0:20:53]} 44.
Kg4 {[%clk 0:13:21]} h6 {[%clk 0:14:20]} 45. Qe7+ {[%clk 0:10:28]} Kg6 {[%clk
0:14:15]} 46. Qe6+ {[%clk 0:10:09]} Kg7 {[%clk 0:14:17]} 47. Qg8+ {[%clk
0:02:19]} Kf6 {[%clk 0:14:46]} 48. Qe6+ {[%clk 0:02:19]} Kg7 {[%clk 0:12:54]}
1/2-1/2

[Event "European Club Cup"]
[Site "chess24.com"]
[Date "2018.10.15"]
[Round "4"]
[White "Michalczak, Thomas"]
[Black "Willow, Jonah B"]
[Result "1-0"]
[Board "5"]
[WhiteElo "2160"]
[WhiteTitle "FM"]
[WhiteCountry "GER"]
[WhiteFideId "4622634"]
[WhiteEloChange "13"]
[BlackElo "2271"]
[BlackTitle "FM"]
[BlackCountry "ENG"]
[BlackFideId "438804"]
[BlackEloChange "-13"]

1. e4 {[%clk 1:30:54]} c5 {[%clk 1:30:56]} 2. Nf3 {[%clk 1:31:03]} e6 {[%clk
1:31:15]} 3. d4 {[%clk 1:31:27]} cxd4 {[%clk 1:31:40]} 4. Nxd4 {[%clk 1:31:53]}
Nc6 {[%clk 1:32:03]} 5. Nc3 {[%clk 1:32:18]} Qc7 {[%clk 1:32:22]} 6. Be3 {[%clk
1:32:40]} Nf6 {[%clk 1:32:44]} 7. f4 {[%clk 1:33:03]} Bb4 {[%clk 1:30:58]} 8. Nb5
{[%clk 1:33:25]} Qa5 {[%clk 1:31:25]} 9. e5 {[%clk 1:33:49]} Ne4 {[%clk 1:31:52]}
10. Qd3 {[%clk 1:34:15]} Nxc3 {[%clk 1:32:18]} 11. bxc3 {[%clk 1:34:40]} Be7
{[%clk 1:32:44]} 12. g3 {[%clk 1:34:57]} O-O {[%clk 1:31:37]} 13. Bg2 {[%clk
1:35:22]} f6 {[%clk 1:30:40]} 14. exf6 {[%clk 1:35:43]} Bxf6 {[%clk 1:30:18]} 15.
O-O {[%clk 1:35:53]} b6 {[%clk 1:23:04]} 16. Rab1 {[%clk 1:18:20]} Rd8 {[%clk
1:15:14]} 17. Rb3 {[%clk 1:09:40]} Ba6 {[%clk 1:01:53]} 18. c4 {[%clk 1:07:33]}
d5 {[%clk 0:59:22]} 19. Ra3 {[%clk 0:53:24]} Qb4 {[%clk 0:50:48]} 20. c3 {[%clk
0:53:28]} Bxc3 {[%clk 0:22:05]} 21. Qxc3 {[%clk 0:51:46]} Qxc3 {[%clk 0:20:46]}
22. Rxc3 {[%clk 0:51:56]} Rac8 {[%clk 0:14:36]} 23. Rd1 {[%clk 0:41:30]} Na5
{[%clk 0:10:58]} 24. Nxa7 {[%clk 0:40:34]} Rxc4 {[%clk 0:10:14]} 25. Bxb6 {[%clk
0:40:23]} Rxc3 {[%clk 0:09:31]} 26. Bxa5 {[%clk 0:39:53]} Rdc8 {[%clk 0:08:52]}
27. Nxc8 {[%clk 0:39:57]} Rxc8 {[%clk 0:09:18]} 28. f5 {[%clk 0:38:49]} Rc5
{[%clk 0:07:10]} 29. Bb4 {[%clk 0:38:49]} Rb5 {[%clk 0:07:19]} 30. a3 {[%clk
0:38:49]} Kf7 {[%clk 0:07:30]} 31. Bf1 {[%clk 0:35:01]} Rb6 {[%clk 0:07:48]} 32.
Bxa6 {[%clk 0:35:21]} Rxa6 {[%clk 0:08:14]} 33. fxe6+ {[%clk 0:35:24]} Kxe6
{[%clk 0:08:37]} 34. Kf2 {[%clk 0:35:46]} Ke5 {[%clk 0:08:36]} 35. Ke3 {[%clk
0:36:04]} Rh6 {[%clk 0:08:34]} 36. Rd2 {[%clk 0:36:03]} d4+ {[%clk 0:08:20]} 37.
Kd3 {[%clk 0:36:25]} Rf6 {[%clk 0:08:05]} 38. Bc5 {[%clk 0:35:29]} Rf3+ {[%clk
0:08:06]} 39. Kc4 {[%clk 0:35:51]} Rc3+ {[%clk 0:08:06]} 40. Kb4 {[%clk 1:06:14]}
1-0

[Event "European Club Cup"]
[Site "chess24.com"]
[Date "2018.10.15"]
[Round "4"]
[White "Uruci, Endrit"]
[Black "Boidman, Yuri"]
[Result "1-0"]
[Board "2"]
[WhiteElo "2177"]
[WhiteCountry "KOS"]
[WhiteFideId "22100199"]
[WhiteEloChange "15"]
[BlackElo "2358"]
[BlackTitle "IM"]
[BlackCountry "GER"]
[BlackFideId "4643992"]
[BlackEloChange "-15"]

1. e4 {[%clk 1:30:42]} c5 {[%clk 1:30:51]} 2. Nf3 {[%clk 1:30:56]} a6 {[%clk
1:31:03]} 3. c4 {[%clk 1:31:16]} d6 {[%clk 1:31:18]} 4. d4 {[%clk 1:31:37]} Bg4
{[%clk 1:31:42]} 5. dxc5 {[%clk 1:30:54]} Bxf3 {[%clk 1:32:02]} 6. gxf3 {[%clk
1:28:37]} dxc5 {[%clk 1:32:23]} 7. Qxd8+ {[%clk 1:28:57]} Kxd8 {[%clk 1:32:45]}
8. Be3 {[%clk 1:29:07]} e6 {[%clk 1:28:05]} 9. Nc3 {[%clk 1:29:26]} Nf6 {[%clk
1:27:06]} 10. O-O-O+ {[%clk 1:28:36]} Kc7 {[%clk 1:24:30]} 11. Bf4+ {[%clk
1:19:04]} Kb6 {[%clk 1:21:57]} 12. Rd8 {[%clk 1:16:29]} Ka7 {[%clk 1:21:28]} 13.
e5 {[%clk 1:07:21]} Nfd7 {[%clk 1:05:05]} 14. Be3 {[%clk 1:02:47]} Nb6 {[%clk
0:59:21]} 15. Bxc5 {[%clk 1:01:28]} Nd7 {[%clk 0:59:06]} 16. Rxa8+ {[%clk
1:00:41]} Kxa8 {[%clk 0:59:32]} 17. Bd4 {[%clk 1:00:44]} Be7 {[%clk 0:54:49]} 18.
Rg1 {[%clk 0:58:50]} g6 {[%clk 0:54:41]} 19. Be2 {[%clk 0:57:23]} Rc8 {[%clk
0:54:52]} 20. b3 {[%clk 0:57:35]} Nc5 {[%clk 0:52:24]} 21. Ne4 {[%clk 0:54:24]}
Nd5 {[%clk 0:48:26]} 22. Kd2 {[%clk 0:50:06]} Nxe4+ {[%clk 0:39:06]} 23. fxe4
{[%clk 0:50:20]} Nb4 {[%clk 0:39:08]} 24. a3 {[%clk 0:38:21]} Nc6 {[%clk
0:36:23]} 25. Bb2 {[%clk 0:36:19]} Bc5 {[%clk 0:36:40]} 26. Ke1 {[%clk 0:31:54]}
Rd8 {[%clk 0:28:32]} 27. Rg3 {[%clk 0:28:16]} Bd4 {[%clk 0:28:04]} 28. Bc1 {[%clk
0:28:38]} Bxe5 {[%clk 0:25:56]} 29. f4 {[%clk 0:28:53]} Bc7 {[%clk 0:25:44]} 30.
Rd3 {[%clk 0:25:03]} f5 {[%clk 0:18:24]} 31. e5 {[%clk 0:22:29]} Rxd3 {[%clk
0:15:07]} 32. Bxd3 {[%clk 0:22:53]} Nd4 {[%clk 0:11:27]} 33. b4 {[%clk 0:22:56]}
Nf3+ {[%clk 0:11:42]} 34. Ke2 {[%clk 0:22:48]} Nxh2 {[%clk 0:12:05]} 35. c5
{[%clk 0:23:16]} h5 {[%clk 0:11:08]} 36. Bc4 {[%clk 0:23:38]} h4 {[%clk 0:11:27]}
37. Bxe6 {[%clk 0:23:07]} h3 {[%clk 0:11:16]} 38. Kf2 {[%clk 0:23:10]} Ng4+
{[%clk 0:10:42]} 39. Kg3 {[%clk 0:23:27]} h2 {[%clk 0:10:35]} 40. Kg2 {[%clk
0:53:56]} Bd8 {[%clk 0:37:54]} 41. Bf7 {[%clk 0:52:00]} g5 {[%clk 0:35:39]} 42.
e6 {[%clk 0:52:06]} Ka7 {[%clk 0:28:00]} 43. Bg6 {[%clk 0:50:00]} Nf2 {[%clk
0:20:39]} 44. Kxh2 {[%clk 0:49:46]} Nd3 {[%clk 0:21:00]} 45. Bd2 {[%clk 0:48:53]}
Nxf4 {[%clk 0:20:47]} 46. Bxf5 {[%clk 0:49:20]} b6 {[%clk 0:14:20]} 47. Bc3
{[%clk 0:46:53]} bxc5 {[%clk 0:14:17]} 48. bxc5 {[%clk 0:47:09]} Kb7 {[%clk
0:14:08]} 49. Be5 {[%clk 0:47:19]} Kc6 {[%clk 0:10:12]} 50. Bd6 {[%clk 0:47:09]}
Nxe6 {[%clk 0:08:28]} 51. Bxe6 {[%clk 0:47:34]} Bf6 {[%clk 0:08:51]} 52. Bf5
{[%clk 0:47:56]} 1-0